00422nam a2200157 u 450000100100000000500170001000800410002702000150006804000250008308200160010824500500012425000110017426000340018530000280021999900170024700002071820200930011142.0100813s1997 xxu r 000 0 spa d a0070644349 aDO-SdBNPbspacBPJMB axxxxbD722m00aDos mundos /cTracy D. Terrell ... [et. al.]. a4a ed. aBoston :bMcGraw-Hill,c1997. a540 p. :bil. ;c25 cm. c20222d20222